| 000 | 00488nam a2200181 i 4500 | ||
|---|---|---|---|
| 001 | 50552 | ||
| 003 | ES-MaACL | ||
| 005 | 20231227172502.0 | ||
| 007 | t| | ||
| 008 | 030805s1982 sp ||||1| spa d | ||
| 100 | 1 |
_aChacel, Rosa, _d1898-1994 _937750 |
|
| 245 | 1 | 0 |
_aAlcancía (Ida) / _cRosa Chacel. |
| 250 | _a[1ª ed.]. | ||
| 260 |
_a[Barcelona] : _bSeix Barral, _c[1982] |
||
| 300 |
_a433 p. ; _c20 cm. |
||
| 852 |
_aES-MaACL _jL-4592 _bR.105145 |
||
| 999 |
_c50552 _d50552 |
||